1894 1795 1213 1516 1670 1213 1140 1404 1355 1544 1996 1282 1775 1153 1613 1445 1723 1754 1980 1337 1911 1200 1652 1553 1652 1324 1910 1928 1209 1826 1589 1327 1511 1248 1350 1140 1136 1311 1945 1794 1963 1244 1724 1557 1254 1755 1654 1155 1163 1656 1989 1774 1136 1913 1951 1678 1824 1786 1094 1481 1726 1192 1319 1544 1751 1996 1997 1865 1855 1213 1482 1719 1814 1855 1847 1257 1572 1952 1797 1373 1696 1286 1137 1825 1927 1797 1930 1716 1019 1651 1907 1438 1358 1369 1886 1702 1111 1274 1139 BCNSPRNW ULIB Ver.6.0+V

เปลี่ยนเป็นภาษาไทย

Change to English
 แสดงรายละเอียดบรรณานุกรม
  กลับหน้าหลัก

Brief Record : Get Marc (ISO 2709) : E-mail record : QR code < ปิดหน้าต่าง
LEADER : 00000nam 2200000uu 4500
001    13399129144
003     ULIB
008    250718s2019||||th 000 0 tha d
020 ^  ^a9781108457651
050  4 ^aPE1128^bM978E
100 1  ^aMurphy, Raymond.
245 0  ^aEnglish grammar in use :^ba self-study reference and practice book for intermediate learners of english with answers / ^cRaymond Murphy.
250 ^  ^a5th ed.
260    ^aCambridge :^bCambridge University Press,^c2019.
300 ^  ^ax, 380 p. :^bill ;^c27 cm
650  0 ^aEnglish language^vTextbooks for foreign speakers.
650  0 ^aEnglish language^vTextbooks.^xGrammar
650  0 ^aEnglish language^xGrammar^vProblems, exercises, etc.
650  0 ^aEnglish language^xTextbooks for foreign speakers.
650 0  ^aEnglish language^xGrammar.
650 0  ^aEnglish language^xUsage.
945    ^p539^l0^i011899
999    ^aประนอม เกษจรัล
รายการนี้ยังไม่มีแท็ก
คุณยังไม่ได้ล็อกอิน คุณสามารถมีกิจกรรมร่วมกับเว็บไซต์ได้ แต่ต้องล็อกอินก่อน ::
  ล็อกอิน

รายการสื่อสารสนเทศ

ลำดับที่ ประเภท เลขเรียก/บาร์โค้ด สถานที่ สถานะ
1. การศึกษาทั่วไป
หนังสือสำรอง
สถานะ=หนังสือสำรอง
PE1128 M978E ฉ.1 
  Barcode: 011899
ห้องสมุดวิทยาเขตสวรรค์ประชารักษ์
►หนังสือทั่วไป
ถูกยืม กำหนดส่งวันที่ 10 พฤศจิกายน 2568
  จอง

รายการใกล้เคียง
    ผู้แต่ง [Murphy, Raymond.]

BibComment


ยังไม่เคยถูกคอมเมนท์

คอมเมนท์ทรัพยากรรายการนี้
  คอมเมนท์: English grammar ..


 Copyright 2026. Bcnsprnw @Library